000 00712nam a2200217 a 4500
001 55505
003 BD-RjUL
005 20211209080256.0
008 161119r19611942enk||||| |||| 001 0 eng d
035 _a(BD-RjUL)55628
040 _aBD-RjUL
_beng
_cBD-RjUL
_dBD-RjUL
041 _aeng
082 _223
_a821.8
_bARC 1961
100 _aArnold, Matthew
_9165340
245 _aThe political works of Matthew Arnold /
_cMatthew Arnold
260 _aLondon :
_bOXFORD UNIVERSITY PRESS,
_c1942 [reprinted 1961].
300 _axxxii,509 p. ;
_c22 cm.
500 _aIncludes index
650 _aArnold, Matthew, -- 1822-1888.
_vSuper, Robert Henry, -- 1914
_xEnglish literature -- 19th century
_9165341
942 _2ddc
_cBK
999 _c55505
_d55505